| 000 | 00783nac a22002291u 4500 | ||
|---|---|---|---|
| 010 | _a 73157932 | ||
| 020 | _a070200412X | ||
| 082 | 0 | 0 |
_a616.155 _bSe89 |
| 090 |
_c3433 _d3433 |
||
| 100 | _aSewell, R. L. | ||
| 245 | 1 | 0 |
_aMalignant blood diseases _c[by] R. L. Sewell. |
| 260 |
_aBaltimore, _bWilliams & Wilkins _c[c1972] |
||
| 300 |
_aix, 142 p. _billus. _c22 cm. |
||
| 440 | 0 | _aLaboratory monographs | |
| 500 | _aDonations. | ||
| 500 | _aDonations - Bibliotheca Alexandrina. | ||
| 504 | _aIncludes bibliographical references ,And Index. | ||
| 650 | 0 |
_aBlood _xDiseases. |
|
| 650 | 0 | _aLeukemia. | |
| 942 |
_cBB _k616.155Se89 |
||
| 999 |
_c3433 _d3433 |
||